| 000 | 00608nam a2200229 a 4500 | ||
|---|---|---|---|
| 999 |
_c10931 _d10931 |
||
| 001 | 10931 | ||
| 003 | BD-JhCC | ||
| 005 | 20190620094552.0 | ||
| 008 | 190529b20182015bd ||||| a||| 00| 0 eng d | ||
| 020 | _a9789849119241 | ||
| 035 | _a(BD-JhCC)10931 | ||
| 040 |
_aBD-JhCC _dBD-JhCC |
||
| 041 | _aben | ||
| 082 |
_bHAQ 2018 _a158.1 |
||
| 100 | _aহক, তারিক | ||
| 245 |
_aবদলে যান এখই / _cতারিক হক, |
||
| 260 |
_aঢাকা: _bঅনন্যা; _c2018. |
||
| 300 |
_a198 p. : _c22 cm. |
||
| 650 | _aSelf Confidence | ||
| 942 |
_2ddc _cBK |
||